000 00977nam a2200265 i 4500
001 bg
245 0 0 _aPrawo gospodarcze i handlowe :
_bteksty jednolite wraz z indeksem rzeczowym /
_c[red. Anna Tenerowicz].
250 _aStan prawny marzec 2000 r.
260 _aWarszawa :
_bC. H. Beck,
_c2000.
300 _aVII, 568 s. ;
_c20 cm.
490 1 _aTeksty Ustaw Becka
500 _aNa okł. podtyt.: prawo spółek handlowych, przedsiębiorstwa państwowe, zamówienia publiczne, rzemiosło, spółdzielczość, weksle, czeki, prawo antymonopolowe, upadłość i układ.
504 _aIndeks.
650 9 _aPrawo gospodarcze
_zPolska
_ystan na 2000 r.
650 9 _aPrawo handlowe
_zPolska
_ystan na 2000 r.
700 1 _aTENEROWICZ, Anna.
_eRed.
830 _aTeksty Ustaw Becka
020 _a8371107188
040 _cBPK
041 0 _apl
080 _a346+347.7](438)(094.4)
920 _a83-7110-718-8
942 _cKS
008 s pl f |000 0 pol
999 _c38908
_d38908
856 _uhttp://koha.tu.koszalin.pl/cgi-bin/koha/opac-detail.pl?biblionumber=38908
_yKatalog online BPK